000 00492cam a2200181ua 4500
020 _a81-85046-44-1
_c175.00
041 _aeng
_h
082 _a628.162
_bSME/BA
100 _aSmethurst, George .
245 _aBasic water treatment for application world wide /
_cGeorge Smethurst.
_hTextual Documents
250 _a1 /
_b.
260 _aJodhpur :
_bScientific Publishers ,
_c1986.
300 _a216 ; .
365 _a175.00
504 _a
942 _cBK
999 _c11103
_d11103